[Event "GER Pfingstopen U16"]
[Site "Playchess.com INT"]
[Date "2020.06.05"]
[Round "7"]
[White "Deuer, Marius"]
[Black "Kwech, Martin"]
[Result "1-0"]
[WhiteElo "1982"]
[BlackElo "1463"]
[PlyCount "69"]
[EventDate "2020.06.05"]
[EventType "swiss (blitz)"]
[EventRounds "11"]
[EventCountry "GER"]
[SourceTitle "CBM 197 Extra"]
[Source "ChessBase"]
[SourceDate "2020.09.30"]
[SourceVersion "1"]
[SourceVersionDate "2020.09.30"]
[SourceQuality "1"]

1. d4 d5 2. c4 e6 3. Nc3 Nf6 4. Bf4 Be7 5. e3 0-0 6. Nf3 c5 7. cxd5 cxd4 8. Nxd4 exd5 9. Bd3 Nc6 10. 0-0 Nxd4 11. exd4 Be6 12. Qf3 h6 13. Rac1 Rc8 14. h3 Bd6 15. Rfe1 Bxf4 16. Qxf4 Qc7 17. Nxd5 Qxf4 18. Nxf4 Bxa2 19. Ra1 Bc4 20. Rxa7 Bxd3 21. Nxd3 Rfd8 22. Rxb7 Rxd4 23. Ne5 Re4 24. Rxe4 Nxe4 25. Nxf7 Rf8 26. Ne5 Nxf2 27. Nd7 Rf7 28. Rb8+ Kh7 29. Nf8+ Kg8 30. Ne6+ Kh7 31. h4 Nd3 32. Nf8+ Kg8 33. Ng6+ Kh7 34. h5 Nf4 35. Rh8# 1-0

[Event "GER Pfingstopen U16"]
[Site "Playchess.com INT"]
[Date "2020.06.05"]
[Round "3"]
[White "Kwech, Martin"]
[Black "Heilig, Tim Markus"]
[Result "1-0"]
[WhiteElo "1463"]
[BlackElo "1620"]
[PlyCount "109"]
[EventDate "2020.06.05"]
[EventType "swiss (blitz)"]
[EventRounds "11"]
[EventCountry "GER"]
[SourceTitle "CBM 197 Extra"]
[Source "ChessBase"]
[SourceDate "2020.09.30"]
[SourceVersion "1"]
[SourceVersionDate "2020.09.30"]
[SourceQuality "1"]

1. e4 c5 2. Nf3 d6 3. d4 cxd4 4. Nxd4 Nf6 5. Nc3 g6 6. f4 Bg7 7. e5 dxe5 8. fxe5 Ng4 9. Bb5+ Bd7 10. Qxg4 Bxb5 11. Ncxb5 a6 12. Nc3 Bxe5 13. Nf3 Nc6 14. Bh6 Rc8 15. Nxe5 Nxe5 16. Qe4 Qc7 17. Bg7 Rg8 18. Bxe5 Qb6 19. 0-0-0 Rc5 20. Bd4 Qc7 21. Bxc5 Qxc5 22. Rhe1 Qc7 23. Nd5 Qc5 24. Nf6+ Kf8 25. Nxg8 Kxg8 26. Rd8+ Kg7 27. Qd4+ Qxd4 28. Rxd4 b6 29. Rxe7 Kf6 30. Rdd7 h5 31. Rxf7+ Ke6 32. Rg7 b5 33. Ra7 Kf6 34. Rgb7 g5 35. Rxa6+ Kf5 36. Rxb5+ Kf4 37. Ra4+ Ke3 38. Rb3+ Kf2 39. g4 h4 40. Ra5 h3 41. Rf5+ Kg2 42. Rd3 Kxh2 43. Re5 Kg2 44. Re2+ Kf1 45. Rd1+ Kxe2 46. Rh1 Kf3 47. Rxh3+ Kxg4 48. Rh1 Kg3 49. Rg1+ Kf4 50. Rxg5 Kxg5 51. a4 Kf5 52. a5 Ke6 53. a6 Kd7 54. a7 Kc8 55. a8Q+ 1-0

[Event "GER-ch U18 sf Berlin Online"]
[Site "Playchess.com INT"]
[Date "2020.05.01"]
[Round "5"]
[White "Ho, Ngoc Hai Dang"]
[Black "Kwech, Martin"]
[Result "1-0"]
[WhiteElo "1620"]
[BlackElo "1375"]
[PlyCount "105"]
[EventDate "2020.05.01"]
[EventType "swiss (blitz)"]
[EventRounds "13"]
[EventCountry "GER"]
[SourceTitle "CBM 195 Extra"]
[Source "ChessBase"]
[SourceDate "2020.05.31"]
[SourceVersion "1"]
[SourceVersionDate "2020.05.31"]
[SourceQuality "1"]

1. e4 e5 2. f3 Nf6 3. Nc3 Bb4 4. Nge2 Nc6 5. a3 Bxc3 6. dxc3 Nxe4 7. fxe4 Qh4+ 8. Ng3 d6 9. Be2 f5 10. Kf1 f4 11. Kg1 fxg3 12. hxg3 Qxg3 13. Bh5+ Ke7 14. Bd2 Rf8 15. Bf3 Bg4 16. Be1 Bxf3 17. Bxg3 Bxd1 18. Rxd1 h6 19. Kh2 Rae8 20. Rhf1 Rxf1 21. Rxf1 Rf8 22. Rxf8 Kxf8 23. Bf2 a6 24. Kg3 Kf7 25. Kg4 Kf6 26. Be3 g5 27. b4 a5 28. b5 Ne7 29. c4 c6 30. b6 d5 31. cxd5 cxd5 32. exd5 Nxd5 33. Bc5 Kg6 34. c4 Nf6+ 35. Kf3 h5 36. a4 g4+ 37. Ke2 Kg5 38. Be3+ Kf5 39. Bd2 h4 40. Bxa5 h3 41. gxh3 gxh3 42. Kf2 Ng4+ 43. Kg1 Ne3 44. c5 Nc4 45. Bb4 Kg4 46. a5 e4 47. a6 bxa6 48. b7 e3 49. b8Q Nd2 50. Bxd2 exd2 51. Qd8 Kg3 52. Qxd2 h2+ 53. Qxh2+ 1-0

[Event "GER-ch U18 sf Berlin Online"]
[Site "Playchess.com INT"]
[Date "2020.05.01"]
[Round "7"]
[White "Koulouris, Fabian"]
[Black "Kwech, Martin"]
[Result "0-1"]
[WhiteElo "1620"]
[BlackElo "1375"]
[PlyCount "124"]
[EventDate "2020.05.01"]
[EventType "swiss (blitz)"]
[EventRounds "13"]
[EventCountry "GER"]
[SourceTitle "CBM 195 Extra"]
[Source "ChessBase"]
[SourceDate "2020.05.31"]
[SourceVersion "1"]
[SourceVersionDate "2020.05.31"]
[SourceQuality "1"]

1. e4 c5 2. Nf3 d6 3. Bc4 Nf6 4. d3 Bg4 5. c3 Nc6 6. Nbd2 Ne5 7. Qa4+ Qd7 8. Qxd7+ Nexd7 9. h3 Bh5 10. Bb5 e6 11. 0-0 Be7 12. e5 dxe5 13. Nxe5 0-0-0 14. Nxd7 Nxd7 15. Bxd7+ Rxd7 16. Ne4 Be2 17. Re1 Bxd3 18. Bf4 Bxe4 19. Rxe4 Bd6 20. Rd1 Bxf4 21. Rxd7 Kxd7 22. Rxf4 f5 23. Rf3 Rd8 24. Rd3+ Ke7 25. Rg3 Rd1+ 26. Kh2 Kf6 27. b4 cxb4 28. cxb4 Rd2 29. Ra3 Rxf2 30. Rxa7 b5 31. Ra5 Rb2 32. a3 Rb3 33. Rxb5 Rxa3 34. Rc5 Rb3 35. b5 h6 36. h4 g5 37. hxg5+ hxg5 38. g3 Rb4 39. Kg2 g4 40. Kf2 Ke7 41. Rc7+ Kd6 42. Rb7 Kc5 43. Ke3 Rxb5 44. Rxb5+ Kxb5 45. Kd4 Kc6 46. Ke5 Kd7 47. Kf4 Kd6 48. Kg5 e5 49. Kxf5 Kd5 50. Kxg4 e4 51. Kf4 Kd4 52. g4 e3 53. Kf3 Kd3 54. g5 e2 55. Kf2 Kd2 56. g6 e1Q+ 57. Kf3 Qg1 58. g7 Qxg7 59. Kf2 Qf7+ 60. Kg3 Ke3 61. Kg4 Qf4+ 62. Kh3 Qg5 0-1

[Event "AUT-ch Vor3 Internet"]
[Site "Playchess.com INT"]
[Date "2020.04.17"]
[Round "8"]
[White "Kwech, Martin"]
[Black "Galler, Alexander"]
[Result "1-0"]
[WhiteElo "1105"]
[BlackElo "1772"]
[PlyCount "39"]
[EventDate "2020.04.17"]
[EventType "swiss (blitz)"]
[EventRounds "9"]
[EventCountry "AUT"]
[SourceTitle "CBM 195 Extra"]
[Source "ChessBase"]
[SourceDate "2020.05.31"]
[SourceVersion "1"]
[SourceVersionDate "2020.05.31"]
[SourceQuality "1"]

1. e4 c5 2. Nf3 d6 3. Bb5+ Bd7 4. Bxd7+ Nxd7 5. d4 cxd4 6. Nxd4 g6 7. Nc3 Bg7 8. 0-0 Ngf6 9. f3 0-0 10. Be3 a6 11. a3 Rc8 12. Qd3 Nc5 13. Qd2 Nfd7 14. Bh6 Ne5 15. Bxg7 Kxg7 16. Nde2 f6 17. Nd4 Nc4 18. Qe2 Ne5 19. b4 Ncd7 20. Ne6+ 1-0

[Event "AUT-ch Vor2 Internet"]
[Site "Playchess.com INT"]
[Date "2020.04.13"]
[Round "1"]
[White "Kwech, Martin"]
[Black "Rosol, Philip"]
[Result "0-1"]
[WhiteElo "1105"]
[BlackElo "1468"]
[PlyCount "120"]
[EventDate "2020.04.13"]
[EventType "swiss (blitz)"]
[EventRounds "9"]
[EventCountry "AUT"]
[SourceTitle "CBM 195 Extra"]
[Source "ChessBase"]
[SourceDate "2020.05.31"]
[SourceVersion "1"]
[SourceVersionDate "2020.05.31"]
[SourceQuality "1"]

1. e4 d6 2. d4 Nf6 3. Nc3 e5 4. dxe5 dxe5 5. Qxd8+ Kxd8 6. Bg5 Be6 7. Bxf6+ gxf6 8. Nf3 Bh6 9. Bd3 Nc6 10. 0-0 Ke7 11. Rad1 Rad8 12. Bb5 a6 13. Bxc6 bxc6 14. a3 Rhg8 15. Rxd8 Rxd8 16. Rd1 Rxd1+ 17. Nxd1 Kd6 18. Kf1 Bg4 19. Ke2 a5 20. h3 Bh5 21. Ne3 Bg6 22. Nc4+ Kc5 23. Nxa5 Bxe4 24. Nb3+ Kb5 25. g4 c5 26. c3 c4 27. Nbd2 Bd3+ 28. Ke1 Ka4 29. Kd1 c5 30. Ne1 e4 31. Nxd3 exd3 32. Nxc4 Kb3 33. Nd2+ Kxb2 34. a4 Kxc3 35. Ne4+ Kb4 36. f4 Bxf4 37. h4 Kxa4 38. Nxc5+ Kb5 39. Nxd3 Bg3 40. h5 Kc4 41. Ke2 Kd4 42. Kf3 Kxd3 43. Kxg3 Ke3 44. Kh4 Kf4 45. Kh3 f5 46. gxf5 Kxf5 47. Kg3 Kg5 48. Kf3 Kxh5 49. Kg3 Kg5 50. Kf3 f5 51. Kg3 h5 52. Kf3 f4 53. Kg2 Kg4 54. Kf2 h4 55. Kg1 Kg3 56. Kh1 f3 57. Kg1 f2+ 58. Kf1 h3 59. Ke2 h2 60. Kf1 h1Q+ 0-1